[Event "FIDE World Cup 2023"]
[Site "Baku AZE"]
[Date "2023.08.01"]
[Round "1.4"]
[White "Harsha, Bharathakoti"]
[Black "Pantsulaia, Levan"]
[Result "1/2-1/2"]
[WhiteTitle "GM"]
[BlackTitle "GM"]
[WhiteElo "2563"]
[BlackElo "2564"]
[WhiteFideId "5078776"]
[BlackFideId "13602071"]
[EventDate "2023.07.30"]
[EventType "k.o."]

1. d4 Nf6 2. c4 c5 3. d5 g6 4. Nc3 Bg7 5. e4 d6 6. Be2 O-O 7. Nf3 e6 8. Be3 exd5
9. cxd5 Bg4 10. Nd2 Bxe2 11. Qxe2 a6 12. a4 Re8 13. O-O Nbd7 14. h3 Nh5 15. Rfe1
Bd4 16. a5 Qf6 17. Ra4 Re7 18. Nf3 Bxe3 19. Qxe3 Qf4 20. Nd2 b5 21. axb6 Nxb6
22. Ra5 Qxe3 23. Rxe3 Nf6 24. Ncb1 Ne8 25. Na3 Rb7 26. Rb3 Rbb8 27. Kf1 f5 28.
f3 fxe4 29. fxe4 Kf7 30. Ke2 Ke7 31. Nac4 Nxc4 32. Rxb8 Rxb8 33. Nxc4 Rb4 34.
Kd3 Rb3+ 35. Kd2 Nf6 36. e5 dxe5 37. d6+ Ke6 38. Rxa6 Nd7 39. Ra3 Rb4 40. Kc3
Nb6 41. b3 Nxc4 42. bxc4 Rb6 43. Ra7 Rxd6 44. Rxh7 e4 45. Rh8 Rd3+ 46. Kc2 Ke5
47. g4 Kd4 48. h4 Rg3 49. g5 Rg2+ 50. Kd1 e3 51. Rg8 Kd3 52. Rd8+ Kxc4 53. Rd6
Rg4 54. Ke2 Rxh4 55. Kxe3 Rg4 56. Rxg6 Kc3 57. Rg8 c4 58. g6 Kc2 59. g7 c3 60.
Kf3 Rg6 61. Kf4 Kc1 62. Kf5 Rg2 63. Kf6 c2 64. Rc8 Rxg7 65. Kxg7 Kb2 66. Rxc2+
Kxc2 1/2-1/2

[Event "FIDE World Cup 2023"]
[Site "Baku AZE"]
[Date "2023.08.01"]
[Round "1.5"]
[White "Brkic, Ante"]
[Black "Matamoros Franco, Carlos S."]
[Result "0-1"]
[WhiteTitle "GM"]
[BlackTitle "GM"]
[WhiteElo "2608"]
[BlackElo "2441"]
[WhiteFideId "14506688"]
[BlackFideId "3600017"]
[EventDate "2023.07.30"]
[EventType "k.o."]

1. e4 c6 2. d4 d5 3. e5 c5 4. dxc5 e6 5. c3 Nc6 6. Nf3 Bxc5 7. b4 Bb6 8. b5 Na5
9. Bd3 Qc7 10. O-O Ne7 11. a4 h6 12. Ba3 Bc5 13. Bxc5 Qxc5 14. Nd4 Nc4 15. Qe2
Bd7 16. Nd2 Nxd2 17. Qxd2 O-O 18. Rae1 a6 19. Re3 Nf5 20. Bxf5 exf5 21. Rg3 Kh8
22. h4 axb5 23. axb5 Ra3 24. Rc1 Rfa8 25. Qf4 Qc8 26. Kh2 R8a4 27. h5 Rc4 28.
Qd2 Qc7 29. f4 Qc8 30. Rc2 Qd8 31. Kg1 Qb6 32. Ra2 Rxd4 33. cxd4 Rxg3 34. Ra8+
Kh7 35. Qb4 Rd3 36. Rd8 Qxd8 0-1

[Event "FIDE World Cup 2023"]
[Site "Baku AZE"]
[Date "2023.08.01"]
[Round "1.5"]
[White "Acosta, Pablo Ismael"]
[Black "Piorun, Kacper"]
[Result "1/2-1/2"]
[WhiteTitle "IM"]
[BlackTitle "GM"]
[WhiteElo "2485"]
[BlackElo "2597"]
[WhiteFideId "124311"]
[BlackFideId "1130420"]
[EventDate "2023.07.30"]
[EventType "k.o."]

1. d4 Nf6 2. c4 e6 3. Nf3 d5 4. Nc3 h6 5. Bf4 Bd6 6. Bxd6 Qxd6 7. e3 O-O 8. Rc1
c6 9. Be2 Nbd7 10. O-O Qe7 11. Qb3 b6 12. cxd5 exd5 13. Qa4 Qd6 14. Ne5 Nxe5 15.
dxe5 Qxe5 16. Qxc6 Bd7 17. Qb7 a5 18. Qxb6 Rfb8 19. Qc5 Rxb2 20. Bf3 Be6 21. e4
Bg4 22. Nxd5 Kh8 23. Qc3 Qxc3 24. Nxc3 Rc8 25. e5 Bxf3 26. exf6 Bg4 27. fxg7+
Kxg7 28. a4 Rb4 29. f3 Bd7 30. Nd5 Rxc1 31. Rxc1 Rxa4 32. Nb6 Rd4 33. Ra1 a4 34.
Nxd7 Rxd7 35. Rxa4 Rd2 36. h4 Rc2 37. Kh2 Rc5 38. Kg3 Rc2 39. Rg4+ Kh7 40. h5
Rc5 41. Kh4 Rb5 42. Re4 Kg7 43. g4 Rb1 44. Kg3 Ra1 45. Kf4 Ra3 46. Re3 Ra1 47.
Kf5 Rh1 48. f4 Rh2 49. Ke5 Rg2 50. Kf5 Rh2 51. Re1 Rh4 52. Re8 Rh1 53. Re2 1/2-1/2

[Event "FIDE World Cup 2023"]
[Site "Baku AZE"]
[Date "2023.08.01"]
[Round "1.5"]
[White "Avila Pavas, Santiago"]
[Black "Smirin, Ilia"]
[Result "1-0"]
[WhiteTitle "GM"]
[BlackTitle "GM"]
[WhiteElo "2499"]
[BlackElo "2595"]
[WhiteFideId "4437128"]
[BlackFideId "2801990"]
[EventDate "2023.07.30"]
[EventType "k.o."]

1. e4 c5 2. Nf3 e6 3. d4 cxd4 4. Nxd4 a6 5. Bd3 Bc5 6. Nb3 Ba7 7. Qe2 Ne7 8. Be3
O-O 9. Nc3 b5 10. O-O-O Nbc6 11. Bxa7 Rxa7 12. e5 b4 13. Na4 Nd5 14. g3 f6 15.
exf6 Qxf6 16. f4 Rc7 17. Nac5 Nd4 18. Bxh7+ Kxh7 19. Rxd4 Bb7 20. Nxb7 Rxb7 21.
Qh5+ Qh6 22. Qxh6+ Kxh6 23. Nc5 Ra7 24. Re1 Rc8 25. Nd3 Rac7 26. Re2 Rc4 27.
Rxc4 Rxc4 28. f5 exf5 29. Re5 Nf6 30. Rxf5 d5 31. h3 Rd4 32. g4 Kh7 33. Nf4 Ne4
34. Rh5+ Kg8 35. Rxd5 Rc4 36. Nd3 1-0

[Event "FIDE World Cup 2023"]
[Site "Baku AZE"]
[Date "2023.08.01"]
[Round "1.5"]
[White "Jumabayev, Rinat"]
[Black "Paichadze, Luka"]
[Result "1-0"]
[WhiteTitle "GM"]
[BlackTitle "GM"]
[WhiteElo "2589"]
[BlackElo "2501"]
[WhiteFideId "13702661"]
[BlackFideId "13602934"]
[EventDate "2023.07.30"]
[EventType "k.o."]

1. d4 Nf6 2. c4 e6 3. g3 Bb4+ 4. Bd2 a5 5. Bg2 d5 6. Nf3 O-O 7. O-O Be7 8. Qc2
c6 9. Bf4 Nbd7 10. Rd1 a4 11. a3 Qa5 12. Nbd2 c5 13. cxd5 Nxd5 14. Nc4 Qa6 15.
dxc5 Nxf4 16. gxf4 Nxc5 17. Ng5 g6 18. Ne5 Qa5 19. Ngf3 Nb3 20. Rab1 Ra6 21. e3
Qc5 22. Qxc5 Bxc5 23. Nd7 Bxd7 24. Rxd7 b5 25. Ne5 b4 26. axb4 Bxb4 27. Rbd1 Bc5
28. Rb7 Rd6 29. Rd3 Rfd8 30. Rxd6 Rxd6 31. Bf3 f6 32. Nd7 e5 33. Bd5+ Kh8 34.
Bxb3 1-0

[Event "FIDE World Cup 2023"]
[Site "Baku AZE"]
[Date "2023.08.01"]
[Round "1.5"]
[White "Mastrovasilis, Dimitrios"]
[Black "Blohberger, Felix"]
[Result "1-0"]
[WhiteTitle "GM"]
[BlackTitle "GM"]
[WhiteElo "2587"]
[BlackElo "2522"]
[WhiteFideId "4202694"]
[BlackFideId "1632051"]
[EventDate "2023.07.30"]
[EventType "k.o."]

1. e4 e5 2. Nf3 Nc6 3. d4 exd4 4. Bc4 Nf6 5. e5 Ne4 6. Qe2 Nc5 7. c3 d3 8. Qe3
Be7 9. O-O a5 10. Nbd2 d5 11. exd6 Qxd6 12. Ne4 Nxe4 13. Qxe4 Qg6 14. Bxd3 Qxe4
15. Bxe4 Bd6 16. Bxc6+ bxc6 17. Re1+ Kf8 18. Nd4 Bd7 19. Be3 a4 20. Rad1 c5 21.
Ne2 Be6 22. a3 Bb3 23. Rd2 f6 24. Bf4 Ra6 25. Ng3 Kf7 26. Nf5 Rd8 27. Bxd6 cxd6
28. Re7+ Kf8 29. Rde2 Bf7 30. Rb7 d5 31. Ree7 Bg6 32. Nh4 d4 33. Nxg6+ hxg6 34.
Rf7+ Kg8 35. Rxg7+ Kf8 36. Rh7 Kg8 37. cxd4 cxd4 38. Rbg7+ Kf8 39. Rd7 Rxd7 40.
Rxd7 Rc6 41. Kf1 Rc1+ 42. Ke2 Rc2+ 43. Ke1 Rc1+ 44. Kd2 Rf1 45. Ke2 Rb1 46. Rb7
Ke8 47. g3 f5 48. h4 Kf8 49. Rb4 Kf7 50. Rxd4 Rxb2+ 51. Kf1 Ra2 52. Rxa4 Kg7 53.
Ra6 Kh6 54. Kg2 Kh5 55. Kf3 Kh6 56. Ra8 Kg7 57. a4 Kh6 58. a5 Ra4 59. a6 Kg7 60.
Ke3 Ra2 61. f3 Ra4 62. Kd3 Ra3+ 63. Kc4 Rxf3 64. Rc8 Ra3 65. Kb5 Rb3+ 66. Ka4
Rb1 67. Rc6 Kh6 68. Ka5 Rb3 69. a7 Rxg3 70. Rc4 1-0

[Event "FIDE World Cup 2023"]
[Site "Baku AZE"]
[Date "2023.08.01"]
[Round "1.5"]
[White "Suleymanli, Aydin"]
[Black "Xu, Yinglun"]
[Result "1/2-1/2"]
[WhiteTitle "GM"]
[BlackTitle "GM"]
[WhiteElo "2586"]
[BlackElo "2531"]
[WhiteFideId "13413937"]
[BlackFideId "8604940"]
[EventDate "2023.07.30"]
[EventType "k.o."]

1. c4 e6 2. g3 d5 3. Bg2 Nf6 4. Nf3 c6 5. O-O Nbd7 6. Qc2 Bd6 7. d4 O-O 8. Nbd2
Re8 9. b3 e5 10. dxe5 Nxe5 11. Bb2 dxc4 12. Nxc4 Nxc4 13. bxc4 Qe7 14. Nd4 Be5
15. c5 Bxd4 16. Bxd4 Qxe2 17. Qc3 Qe7 18. Rfe1 Be6 19. Rad1 Rad8 20. f4 Qf8 21.
Be5 Rxd1 22. Rxd1 Rd8 23. Bd6 Qe8 24. Re1 Qd7 25. f5 Bd5 26. Be7 Re8 27. Bxf6
Rxe1+ 28. Qxe1 gxf6 29. Qf2 Bxg2 30. Kxg2 Qd5+ 31. Kh3 Kg7 32. Kh4 a5 33. Kh5
Qd1+ 34. Kh4 a4 35. g4 Qc1 36. Qd4 a3 37. Kg3 Qc2 38. h4 h6 39. Kh3 Qe2 40. Kg3
Qe5+ 41. Qxe5 fxe5 42. g5 hxg5 43. hxg5 f6 44. g6 Kh6 45. Kf3 Kg7 46. Ke3 Kh6
47. Kd3 Kg7 48. Kc3 Kh6 49. Kb3 Kg7 50. Kc3 Kh6 51. Kc4 Kg7 52. Kb3 Kh6 53. Kxa3
Kg7 54. Kb3 Kh6 55. Kc4 Kg7 56. Kd3 Kh6 57. Ke3 Kg7 58. Kf3 Kg8 59. Kg4 Kh8 1/2-1/2

[Event "FIDE World Cup 2023"]
[Site "Baku AZE"]
[Date "2023.08.01"]
[Round "1.5"]
[White "Kozul, Zdenko"]
[Black "Sanal, Vahap"]
[Result "1-0"]
[WhiteTitle "GM"]
[BlackTitle "GM"]
[WhiteElo "2532"]
[BlackElo "2585"]
[WhiteFideId "14502879"]
[BlackFideId "6300545"]
[EventDate "2023.07.30"]
[EventType "k.o."]

1. Nf3 d5 2. g3 g6 3. Bg2 Bg7 4. d4 Nf6 5. O-O O-O 6. c3 c6 7. Bf4 Nbd7 8. a4 a5
9. Qb3 b6 10. Ne5 Nxe5 11. Bxe5 Ba6 12. Re1 Bh6 13. Bxf6 exf6 14. e3 b5 15. axb5
Bxb5 16. Na3 a4 17. Qc2 f5 18. Nxb5 cxb5 19. b3 Qd7 20. bxa4 bxa4 21. c4 Rfc8
22. c5 Ra5 23. Ra3 Rb8 24. Qa2 Rd8 25. Ra1 Rb8 26. Qxd5 Qb5 27. Bf1 Qe8 28. Qc4
Rba8 29. Bd3 Qd7 30. Bc2 f4 31. exf4 Bg7 32. Rd1 Qc6 33. h4 Bf6 34. Bb1 Kg7 35.
Ba2 R8a7 36. Rc3 Rc7 37. Rc2 Qe4 38. Qd3 Qa8 39. Rc4 a3 40. Rb4 Rd7 41. Qb3 Re7
42. Rb6 Qe4 43. Rxf6 Kxf6 44. Qb6+ Kg7 45. Qxa5 Qf3 46. Rf1 Re2 47. Bc4 Rc2 48.
Qa4 Qc3 49. Bd5 Kh6 50. Bxf7 Rd2 51. Bb3 Rd3 52. Bd5 Rxd4 53. Qa8 Qxc5 54. Bf3
Rd2 55. Qc6 Qd4 56. Qe8 Qc5 57. Qe5 Qa7 58. g4 1-0

[Event "FIDE World Cup 2023"]
[Site "Baku AZE"]
[Date "2023.08.01"]
[Round "1.5"]
[White "Peralta, Fernando"]
[Black "Nesterov, Arseniy"]
[Result "0-1"]
[WhiteTitle "GM"]
[BlackTitle "GM"]
[WhiteElo "2568"]
[BlackElo "2554"]
[WhiteFideId "105309"]
[BlackFideId "24198455"]
[EventDate "2023.07.30"]
[EventType "k.o."]

1. d4 d5 2. c4 c6 3. Nf3 Nf6 4. Nc3 e6 5. e3 Nbd7 6. Qc2 Bd6 7. Be2 O-O 8. O-O
h6 9. b3 b6 10. Bb2 Bb7 11. Rad1 Qe7 12. Rfe1 Rfe8 13. e4 Nxe4 14. Nxe4 dxe4 15.
Qxe4 Nf6 16. Qh4 Bb4 17. Nd2 Rad8 18. Bf3 Rd7 19. Re3 Red8 20. Rd3 Nh7 21. Qxe7
Bxe7 22. Be2 c5 23. Nf3 Bxf3 24. Bxf3 Bf6 25. Bc6 Rd6 26. Bb5 Bxd4 27. Bxd4 e5
28. f4 exd4 29. Re1 Kf8 30. a3 g5 31. fxg5 Nxg5 32. b4 Re6 33. Rf1 Ne4 34. Rf4
Nc3 35. Kf1 Re3 36. Rd2 Nxb5 37. cxb5 Rxa3 38. bxc5 bxc5 39. Ke2 Re8+ 40. Kf2
Rb3 41. Ra2 Re7 42. Ra6 Rb2+ 43. Kf3 Re3+ 44. Kg4 Rxg2+ 0-1

[Event "FIDE World Cup 2023"]
[Site "Baku AZE"]
[Date "2023.08.01"]
[Round "1.6"]
[White "Matamoros Franco, Carlos S."]
[Black "Brkic, Ante"]
[Result "0-1"]
[WhiteTitle "GM"]
[BlackTitle "GM"]
[WhiteElo "2441"]
[BlackElo "2608"]
[WhiteFideId "3600017"]
[BlackFideId "14506688"]
[EventDate "2023.07.30"]
[EventType "k.o."]

1. c4 e5 2. g3 Be7 3. Nc3 f5 4. Nf3 d6 5. d4 e4 6. Nh4 c6 7. Ng2 Nf6 8. Bg5 O-O
9. e3 Na6 10. Nf4 Nc7 11. Qb3 Rb8 12. Be2 Bd7 13. h4 Be8 14. a4 Bf7 15. Qc2 a5
16. g4 Nxg4 17. Bxg4 fxg4 18. Nxe4 h6 19. Bxe7 Qxe7 20. Ng3 Ne6 21. Nf5 Qf6 22.
Nxe6 Bxe6 23. Ng3 d5 24. c5 b5 25. cxb6 Rxb6 26. h5 c5 27. Rd1 c4 28. O-O Rfb8
29. Qc3 Rb4 30. Rd2 Rxa4 31. e4 Rab4 32. f4 Rb3 0-1

[Event "FIDE World Cup 2023"]
[Site "Baku AZE"]
[Date "2023.08.01"]
[Round "1.6"]
[White "Piorun, Kacper"]
[Black "Acosta, Pablo Ismael"]
[Result "0-1"]
[WhiteTitle "GM"]
[BlackTitle "IM"]
[WhiteElo "2597"]
[BlackElo "2485"]
[WhiteFideId "1130420"]
[BlackFideId "124311"]
[EventDate "2023.07.30"]
[EventType "k.o."]

1. Nf3 Nf6 2. b3 c5 3. Bb2 e6 4. g3 b6 5. Bg2 Bb7 6. O-O Be7 7. c4 O-O 8. Nc3 d5
9. cxd5 Nxd5 10. d4 cxd4 11. Nxd5 Bxd5 12. Qxd4 Bf6 13. Qd2 Bxf3 14. Qxd8 Rxd8
15. Bxf3 Bxb2 16. Bxa8 Bxa1 17. Rxa1 Na6 18. Bf3 Nb4 19. a4 a5 20. Rc1 g6 21. h4
Kg7 22. Kg2 Rd2 23. Rb1 Nc2 24. Kf1 Nd4 25. Bb7 Nxe2 26. Ba6 Nc3 27. Rc1 Ne4 28.
Rc6 Rxf2+ 29. Ke1 Rb2 30. Rxb6 Nxg3 31. Bc4 Nf5 32. Rb5 Nxh4 33. Rxa5 h5 34. Kd1
Nf3 35. Ra7 Kf6 36. Kc1 Rg2 37. Rd7 Ne5 38. Rd4 g5 39. Bf1 Rf2 40. Rd1 Nc6 41.
Bb5 Nb4 42. Rd4 Na2+ 43. Kd1 h4 44. Ke1 Rb2 45. Rd2 Rb1+ 46. Kf2 Nc3 47. Bd3
Rxb3 48. a5 Ra3 49. a6 Ke5 50. Rc2 Ne4+ 51. Ke3 f5 52. Ke2 h3 0-1

[Event "FIDE World Cup 2023"]
[Site "Baku AZE"]
[Date "2023.08.01"]
[Round "1.6"]
[White "Smirin, Ilia"]
[Black "Avila Pavas, Santiago"]
[Result "1-0"]
[WhiteTitle "GM"]
[BlackTitle "GM"]
[WhiteElo "2595"]
[BlackElo "2499"]
[WhiteFideId "2801990"]
[BlackFideId "4437128"]
[EventDate "2023.07.30"]
[EventType "k.o."]

1. c4 e6 2. Nc3 Nf6 3. d4 Bb4 4. Nf3 b6 5. Bg5 Bb7 6. Nd2 c5 7. a3 Bxc3 8. bxc3
d6 9. f3 h6 10. Bh4 e5 11. e4 Nc6 12. Nb3 Ne7 13. a4 Ng6 14. Bf2 O-O 15. g3 exd4
16. cxd4 cxd4 17. Be2 Ne5 18. Nxd4 Qd7 19. O-O Qh3 20. Re1 Rfe8 21. a5 bxa5 22.
Rxa5 a6 23. Qb3 Rab8 24. Qa3 Qd7 25. Nf5 Rbd8 26. Bb6 Rb8 27. Nxd6 Re6 28. Rd1
Qc6 29. Bf2 Rd8 30. c5 Bc8 31. Rb1 Qc7 32. Kg2 g5 33. h3 h5 34. Bxa6 Bxa6 35.
Rxa6 Qd7 36. Ra7 Qc6 37. Rb6 Rexd6 38. Rxc6 Rxc6 39. Ra8 Rcc8 40. Rxc8 Rxc8 41.
Bd4 Nfd7 42. Qa6 Rc6 43. Qb7 Re6 44. f4 gxf4 45. gxf4 1-0

[Event "FIDE World Cup 2023"]
[Site "Baku AZE"]
[Date "2023.08.01"]
[Round "1.6"]
[White "Paichadze, Luka"]
[Black "Jumabayev, Rinat"]
[Result "1/2-1/2"]
[WhiteTitle "GM"]
[BlackTitle "GM"]
[WhiteElo "2501"]
[BlackElo "2589"]
[WhiteFideId "13602934"]
[BlackFideId "13702661"]
[EventDate "2023.07.30"]
[EventType "k.o."]

1. e4 c5 2. Nf3 d6 3. d4 cxd4 4. Qxd4 Nc6 5. Qe3 g6 6. Be2 Bg7 7. O-O Nf6 8. c4
O-O 9. h3 Qb6 10. Qxb6 axb6 11. Nc3 Be6 12. Be3 Nd7 13. Rfc1 Nc5 14. Nd2 Nb4 15.
a3 Nbd3 16. Rc2 Nxb2 17. Rb1 Nba4 18. Nb5 Rfc8 19. g4 Bd7 20. Nd4 Ne6 21. N2f3
Nec5 22. Nd2 Ne6 23. Nxe6 Bxe6 24. Bf1 Rc6 25. f4 Nc5 26. Ra2 f5 27. exf5 gxf5
28. Bg2 Rc7 29. gxf5 Bxf5 30. Rxb6 Be6 31. Kh2 Ra4 32. Rb4 Ra5 33. Bxc5 Raxc5
34. Rxb7 Rxb7 35. Bxb7 Bh6 36. Kg3 Rf5 37. a4 Bxf4+ 38. Kg2 Bxd2 39. Rxd2 Bxc4
40. Rd4 Bb3 41. Kg3 Kg7 42. Bc6 Rc5 43. Bb5 Rc3+ 44. Kg2 Rc2+ 45. Kg3 Rc3+ 46.
Kf2 Rc5 47. Rb4 Bd5 48. a5 Bc6 49. Bxc6 Rxc6 50. Ra4 Kf6 51. a6 Rc8 52. a7 Ra8
53. Kg3 Kf5 54. Kh4 d5 55. Kg3 Ke5 56. Kf3 Kd6 57. Kf4 e5+ 58. Kf5 e4 59. Kf4
Kc5 60. Ra5+ Kb6 61. Rxd5 Rxa7 62. Kxe4 Kc6 63. Rd3 Rd7 64. Ra3 Kd6 65. Kf5 Ke7
66. Kg5 Kf7 67. Kh6 Rd4 68. Ra7+ Kf6 69. Ra6+ Kf7 1/2-1/2

[Event "FIDE World Cup 2023"]
[Site "Baku AZE"]
[Date "2023.08.01"]
[Round "1.6"]
[White "Blohberger, Felix"]
[Black "Mastrovasilis, Dimitrios"]
[Result "0-1"]
[WhiteTitle "GM"]
[BlackTitle "GM"]
[WhiteElo "2522"]
[BlackElo "2587"]
[WhiteFideId "1632051"]
[BlackFideId "4202694"]
[EventDate "2023.07.30"]
[EventType "k.o."]

1. e4 c5 2. Nf3 e6 3. d4 cxd4 4. Nxd4 a6 5. Bf4 b5 6. Bd3 Bb7 7. O-O d6 8. Nf3
Nf6 9. Nbd2 Nbd7 10. Re1 Be7 11. b4 O-O 12. Nb3 Rc8 13. Na5 Ba8 14. a3 Nb6 15.
Nd2 Na4 16. h3 Nb2 17. Qb1 Nxd3 18. cxd3 Rc3 19. Nf3 Qd7 20. Bd2 Rc7 21. Be3
Rfc8 22. Ra2 e5 23. Ree2 h6 24. Rac2 Bd8 25. Nb3 Bb7 26. Rxc7 Qxc7 27. Ne1 Qd7
28. Rc2 Rxc2 29. Qxc2 Qc6 30. Qd2 d5 31. f3 Nd7 32. Qc2 h5 33. Qd2 Bc8 34. Bf2
Nf8 35. Nc5 Ne6 36. Nxe6 Bxe6 37. Bc5 dxe4 38. dxe4 Qd7 39. Qc1 Bc4 40. Bf2 Qd6
41. h4 a5 42. Bc5 Qd7 43. g3 axb4 44. axb4 Qh3 45. Bf2 Qd7 46. Kg2 Be7 47. Qc3
Qd1 48. Qb2 f6 49. Kh2 Kh7 50. Kg2 Kg8 51. Qc3 Qe2 52. Qc2 Qf1+ 53. Kh2 Bxb4 54.
Ng2 Qe2 0-1

[Event "FIDE World Cup 2023"]
[Site "Baku AZE"]
[Date "2023.08.01"]
[Round "1.6"]
[White "Xu, Yinglun"]
[Black "Suleymanli, Aydin"]
[Result "1/2-1/2"]
[WhiteTitle "GM"]
[BlackTitle "GM"]
[WhiteElo "2531"]
[BlackElo "2586"]
[WhiteFideId "8604940"]
[BlackFideId "13413937"]
[EventDate "2023.07.30"]
[EventType "k.o."]

1. Nf3 d5 2. e3 Nf6 3. c4 e6 4. Nc3 Be7 5. b3 O-O 6. Bb2 b6 7. cxd5 exd5 8. d4
c5 9. Be2 Bb7 10. O-O Nbd7 11. Rc1 Rc8 12. Qc2 Ne4 13. dxc5 Ndxc5 14. Qb1 Nxc3
15. Bxc3 Ne4 16. Bd4 Ba3 17. Bb2 Bxb2 18. Qxb2 Qd7 19. Nd4 Rxc1 20. Rxc1 Rc8 21.
Bd3 Rxc1+ 22. Qxc1 Nc5 23. Qc3 Nxd3 24. Qxd3 Qc7 25. Qc2 Qxc2 26. Nxc2 Kf8 27.
Nd4 a6 28. Kf1 Bc8 29. Ke2 Ke7 30. Kd3 Kd6 31. f3 a5 32. Kc3 Kc5 33. a3 Bd7 34.
h4 g6 35. Ne2 h6 36. Nf4 g5 37. hxg5 hxg5 38. Nh5 Bb5 39. Ng3 Ba6 40. b4+ axb4+
41. axb4+ Kd6 42. Kd4 Ke6 43. f4 gxf4 44. exf4 Bc4 45. Ke3 Bb5 1/2-1/2

[Event "FIDE World Cup 2023"]
[Site "Baku AZE"]
[Date "2023.08.01"]
[Round "1.6"]
[White "Sanal, Vahap"]
[Black "Kozul, Zdenko"]
[Result "1-0"]
[WhiteTitle "GM"]
[BlackTitle "GM"]
[WhiteElo "2585"]
[BlackElo "2532"]
[WhiteFideId "6300545"]
[BlackFideId "14502879"]
[EventDate "2023.07.30"]
[EventType "k.o."]

1. e4 c5 2. Nf3 d6 3. d4 cxd4 4. Nxd4 Nf6 5. Nc3 Nc6 6. Bg5 e6 7. Qd2 Qb6 8. Nb3
a6 9. O-O-O Be7 10. f3 O-O 11. h4 Qc7 12. h5 Rd8 13. h6 g6 14. Nd4 Ne8 15. Bxe7
Qxe7 16. g4 Bd7 17. f4 Nxd4 18. Qxd4 Bc6 19. Bd3 e5 20. Qe3 exf4 21. Qxf4 Qe5
22. Qf2 b5 23. Kb1 Rd7 24. Ne2 Nf6 25. Nd4 Nxe4 26. Bxe4 Bxe4 27. Rhe1 d5 28.
Nc6 Qd6 29. Rxe4 Qxc6 30. Qd4 f6 31. Re3 Rf8 32. Rde1 g5 33. a3 Qc4 34. Qb6 Qxg4
35. Qxa6 Qh4 36. Qxb5 Rdf7 37. Qxd5 Qxh6 38. a4 f5 39. Re7 Qg7 40. a5 f4 41. a6
Qf6 42. a7 Kg7 43. Rxf7+ Qxf7 44. a8=Q Rxa8 45. Qxa8 f3 46. Qd8 Kg6 47. Qd6+ Kh5
48. Rh1+ Kg4 49. Rg1+ Kh5 50. Qg3 Qf5 51. Rh1+ Kg6 52. Qd6+ Kf7 53. Qc7+ 1-0

[Event "FIDE World Cup 2023"]
[Site "Baku AZE"]
[Date "2023.08.01"]
[Round "1.6"]
[White "Nesterov, Arseniy"]
[Black "Peralta, Fernando"]
[Result "1/2-1/2"]
[WhiteTitle "GM"]
[BlackTitle "GM"]
[WhiteElo "2554"]
[BlackElo "2568"]
[WhiteFideId "24198455"]
[BlackFideId "105309"]
[EventDate "2023.07.30"]
[EventType "k.o."]

1. d4 Nf6 2. c4 e6 3. Nf3 Bb4+ 4. Bd2 a5 5. g3 b6 6. Bg2 Bb7 7. O-O O-O 8. Bf4
Be7 9. Nc3 Ne4 10. Nb5 Na6 11. Qc2 d6 12. Rad1 f5 13. a3 Rb8 14. Nd2 Nxd2 15.
Bxd2 Bxg2 16. Kxg2 c6 17. Nc3 Bf6 18. Qd3 e5 19. c5 b5 20. dxe5 Bxe5 21. cxd6
Qxd6 22. Qf3 Qe6 23. Bf4 Bxf4 24. Qxf4 Rbd8 25. Qf3 h6 26. Rxd8 Rxd8 27. Rd1
Rxd1 28. Nxd1 Nc5 29. Ne3 g6 30. g4 fxg4 31. Nxg4 h5 32. Nf6+ Kg7 33. Nxh5+ gxh5
34. Qc3+ Qf6 35. Qxc5 Qxb2 36. Qe7+ Kg6 37. Qe8+ Kg7 38. Qd7+ Kf8 39. Qd8+ Kf7
40. Qd7+ Kf6 41. Qxc6+ Kf5 42. Qc8+ Kg6 43. Qa6+ Kf7 44. Qxa5 Qg7+ 45. Kf1 Qa1+
46. Kg2 1/2-1/2

[Event "FIDE World Cup 2023"]
[Site "Baku AZE"]
[Date "2023.08.01"]
[Round "1.7"]
[White "Matamoros Franco, Carlos S."]
[Black "Brkic, Ante"]
[Result "1/2-1/2"]
[WhiteTitle "GM"]
[BlackTitle "GM"]
[WhiteElo "2441"]
[BlackElo "2608"]
[WhiteFideId "3600017"]
[BlackFideId "14506688"]
[EventDate "2023.07.30"]
[EventType "k.o."]

1. c4 e5 2. g3 Nf6 3. Bg2 Bc5 4. d3 c6 5. Nf3 d6 6. Nc3 O-O 7. O-O a5 8. d4 exd4
9. Nxd4 a4 10. e3 a3 11. Rb1 axb2 12. Bxb2 Re8 13. Ba1 Nbd7 14. Nb3 Qe7 15. Nxc5
Nxc5 16. Qd4 Be6 17. h3 Red8 18. g4 Ne8 19. f4 f6 20. e4 Qf7 21. Rb4 Na6 22. Ra4
c5 23. Qf2 Bxc4 24. Rxc4 Qxc4 25. e5 Nac7 26. exf6 Nxf6 27. g5 Nfe8 28. f5 Qd4
29. Qxd4 cxd4 30. Nd5 Rxa2 31. Be4 Kf8 32. f6 Rxa1 33. Rxa1 Nxd5 34. Bxd5 gxf6
35. gxf6 Nxf6 36. Bxb7 Rb8 37. Ra7 Kg7 38. Kf2 Kg6 39. Ke2 Re8+ 40. Kd3 Re3+ 41.
Kxd4 Rxh3 42. Ra6 Rh4+ 43. Kc3 Kg5 44. Rxd6 Rf4 45. Rd4 Rf1 46. Kd2 h5 47. Ke2
Rb1 48. Bf3 Rb2+ 49. Ke3 h4 50. Rd1 h3 51. Rg1+ Kh4 52. Kf4 Rb4+ 53. Kf5 Nh5 54.
Rg4+ Rxg4 55. Bxg4 Kg3 56. Bxh3 Kxh3 1/2-1/2

[Event "FIDE World Cup 2023"]
[Site "Baku AZE"]
[Date "2023.08.01"]
[Round "1.7"]
[White "Smirin, Ilia"]
[Black "Avila Pavas, Santiago"]
[Result "1-0"]
[WhiteTitle "GM"]
[BlackTitle "GM"]
[WhiteElo "2595"]
[BlackElo "2499"]
[WhiteFideId "2801990"]
[BlackFideId "4437128"]
[EventDate "2023.07.30"]
[EventType "k.o."]

1. c4 Nf6 2. Nc3 e6 3. d4 Bb4 4. e3 O-O 5. Ne2 d5 6. a3 Be7 7. cxd5 exd5 8. Nf4
c6 9. Bd3 Bg4 10. f3 Bc8 11. g4 Bd6 12. g5 Bxf4 13. exf4 Nh5 14. Ne2 Qd7 15. Qc2
g6 16. Bd2 Qh3 17. O-O-O Na6 18. Ng3 Qh4 19. Nxh5 Qxh5 20. h4 Qxf3 21. h5 Bf5
22. Bxf5 gxf5 23. Qxf5 Qe4 24. Qf6 Qe6 25. f5 Qxf6 26. gxf6 h6 27. Rdg1+ Kh8 28.
Bxh6 Rg8 29. Bg7+ Kh7 30. Rg6 1-0

[Event "FIDE World Cup 2023"]
[Site "Baku AZE"]
[Date "2023.08.01"]
[Round "1.7"]
[White "Xu, Yinglun"]
[Black "Suleymanli, Aydin"]
[Result "1/2-1/2"]
[WhiteTitle "GM"]
[BlackTitle "GM"]
[WhiteElo "2531"]
[BlackElo "2586"]
[WhiteFideId "8604940"]
[BlackFideId "13413937"]
[EventDate "2023.07.30"]
[EventType "k.o."]

1. d4 Nf6 2. Nf3 e6 3. Bf4 d5 4. e3 c5 5. c3 Bd6 6. Bb5+ Nc6 7. Bxc6+ bxc6 8.
Bxd6 Qxd6 9. Qa4 O-O 10. Nbd2 cxd4 11. cxd4 c5 12. Qa3 Qa6 13. Qxa6 Bxa6 14.
dxc5 Rab8 15. Nb3 Rfc8 16. Rc1 Ne4 17. Nfd2 Nxd2 18. Kxd2 Bc4 19. Rc3 a5 20. Kc2
Bxb3+ 21. Rxb3 Rxc5+ 22. Rc3 Rxc3+ 23. Kxc3 Kf8 24. Rd1 Ke7 25. Rd4 Kd6 26. Rh4
h6 27. b3 Rc8+ 28. Kd2 e5 29. Ra4 Rc5 30. h4 Rb5 31. g3 e4 32. Rd4 Rc5 33. Ra4
Ke5 34. a3 Kf5 35. b4 axb4 36. Rxb4 Ra5 37. a4 Kg4 38. Ke2 Rc5 39. Rb5 Rc2+ 40.
Ke1 Ra2 41. Rxd5 Rxa4 42. Rd7 Ra1+ 43. Ke2 f6 44. Rxg7+ Kh5 45. Re7 Ra2+ 46. Kf1
Ra4 47. Rg7 Ra1+ 48. Kg2 Rb1 49. Kh3 Rh1+ 50. Kg2 Rb1 51. Re7 Rb4 52. Kh3 Kg6
53. Kg4 h5+ 54. Kh3 Rb2 55. Kg2 Kf5 56. Re8 Ra2 57. Rb8 Rd2 58. Rb5+ Kg6 59. Ra5
Rb2 60. Ra8 Rc2 61. Rg8+ Kf5 62. g4+ hxg4 63. h5 Rc7 64. Kg3 Rc1 65. Kg2 Rc7 66.
Kg3 Rc1 1/2-1/2